000 00750nam a2200265Ia 4500
003 OSt
005 20220918225039.0
006 a|||||r|||| 00| 0
007 ta
008 220917b |||||||| |||| 00| 0 eng d
024 _a236,332
037 _cTextual
040 _aARTS
_cARTS
_beng
041 _2eng
_aeng
082 _aX6291, J8
110 _aFederal assembly
_9149543
245 0 _aAnnual report for the year 1st January to 31st December 1957
260 _aSalisbury
_bThe Government Prienter
_c1958
300 _a15p.
_ccm.
490 _aPost office savings bank and savings ceriticates
650 _aECONOMICS
700 _aFederal assembly
_9149544
942 _hX6291, J8
_cTEXL
_2CC
999 _c283234
_d283234